|
|
|
|
| LEADER |
00584cam a2200181ua 4500 |
| 008 |
100702t2009||||||||||| 00 ||||| c |
| 082 |
|
|
|a 658.404
|b MAC/I
|
| 245 |
1 |
0 |
|a Introduction to project finance: an analytical perspective /
|
| 260 |
|
|
|a New Delhi:
|b Vikas,
|c 2009.
|
| 300 |
|
|
|a 218p..
|
| 362 |
1 |
|
|a 2009.
|
| 650 |
|
|
|a Project finance
|
| 650 |
0 |
|
|a Venture capital
|
| 650 |
0 |
|
|a Lease finance
|
| 700 |
0 |
2 |
|a Machiraju,, H.R.
|
| 942 |
|
|
|c BK
|
| 999 |
|
|
|c 22567
|d 22567
|
| 952 |
|
|
|0 0
|1 0
|4 0
|6 658_404000000000000_MAC
|7 0
|9 23931
|a KUCL
|b KUCL
|d 2014-05-23
|l 0
|o 658.404 MAC/
|p 23049
|r 2014-05-23
|w 2014-05-23
|y BK
|